Legislatívne zmeny v činnosti cestovných kancelárií a ich zavedenie do praxe
Poukázanie na legislatívne zmeny v činnosti cestovných kancelárií a ich dôsledky v praxi. Rozlíšenie činnosti cestovných kancelárií a cestovných agentúr. Definovanie pojmu zájazd podľa zákona. Zmluva o obstaraní zájazdu. Povinné zmluvné poistenie zájazdu. Uplatňovanie DPH v cestovných kanceláriách.
Gespeichert in:
| 1. Verfasser: | |
|---|---|
| Format: | Buchkapitel |
| Sprache: | Slowakisch |
| Schlagworte: | |
| Tags: |
Keine Tags, Fügen Sie das erste Tag hinzu!
|
MARC
| LEADER | 00000naa a2200000 4500 | ||
|---|---|---|---|
| 001 | r045288 | ||
| 005 | 20230724111247.9 | ||
| 041 | 0 | |a slo | |
| 044 | |a SK | ||
| 245 | 1 | 0 | |a Legislatívne zmeny v činnosti cestovných kancelárií a ich zavedenie do praxe |c Tibor Bajaník |
| 520 | |a Poukázanie na legislatívne zmeny v činnosti cestovných kancelárií a ich dôsledky v praxi. Rozlíšenie činnosti cestovných kancelárií a cestovných agentúr. Definovanie pojmu zájazd podľa zákona. Zmluva o obstaraní zájazdu. Povinné zmluvné poistenie zájazdu. Uplatňovanie DPH v cestovných kanceláriách. | ||
| 610 | 2 | 0 | |a kancelárie cestovné |
| 610 | 2 | 0 | |a agentúry |
| 610 | 2 | 0 | |a ruch cestovný |
| 610 | 2 | 0 | |a poistenie povinné zmluvné |
| 610 | 2 | 0 | |a klienti |
| 610 | 2 | 0 | |a dane z hodnoty pridanej |
| 610 | 2 | 0 | |a legislatíva |
| 610 | 2 | 0 | |a Slovensko |
| 100 | 1 | |a Bajaník, Tibor | |